01192cam a22003255a 450000100090000000300090000900500170001800800410003502000180007604000380009408200210013210000480015324500410020124600300024226400340027230000230030633600260032933700280035533800270038358600460041065000500045665000430050665100380054965100340058765300260062165500240064794200120067199900170068395201660070012783791EG-ScBUE20220220100955.0020521s2003 nyu fr 000 f eng d a9780060937553 aDLCbengerdacDLCdDLCdEG-ScBUE04a823.914bLES2221 aLessing, Doris,d1919-2013,eauthor.93842114aThe sweetest dream /cDoris Lessing.34aSweetest dream :ba novel 1aNew York :bPerennial,c2003. a479 pages ;c25 cm 2rdacontentatextbtxt 2rdamediaaunmediatedbn 2rdacarrieravolumebnc aWinner of the Nobel prize for literature. 7aMothers and daughtersvFiction.2BUEsh939113 7aBritishzSouth AfricavFiction.2BUEsh 7aLondon (England)vFiction.2BUEsh 7aSouth AfricavFiction.2BUEsh bHHUUEENNcOctober2016 vReading book934232 2ddccBB c22525d22497 00102ddc40708BaccahaMAINbMAINc2NDd2016-10-12ePurchaseg125.00h24096l1o823.914 LESp000033986r2025-07-15 00:00:00s2020-02-16v156.00w2016-10-12yBB